Program Budgeting at the Level of Municipality Government in Slovakia

Gespeichert in:
Bibliographische Detailangaben
1. Verfasser: Gregová, Elena
Weitere Verfasser: Dengová, Elena
Format: Buchkapitel
Sprache:Englisch
Schlagworte:
Tags: Tag hinzufügen
Keine Tags, Fügen Sie das erste Tag hinzu!

MARC

LEADER 00000naa$a2200000$$$4500
001 0208778
005 20240502083521.8
041 0 |a eng 
044 |a US 
245 1 0 |a Program Budgeting at the Level of Municipality Government in Slovakia  |c Elena Gregová, Elena Dengová 
610 2 0 |a financie verejné 
610 2 0 |a obce 
610 2 0 |a Slovensko 
610 2 0 |a rozpočty verejné 
610 2 0 |a rozpočtovanie 
100 1 |a Gregová, Elena 
700 1 |a Dengová, Elena